000 00751nas a2200253 4500
001 BR7100288
003 BR-BrBNA
005 20231205082328.0
007 ta
008 230509b bl.|||p| |||| 00| 00por d
040 _aBR-BrBNA
_bpor
_cBiblioteca Nacional de Agricultura
041 _a(Pt)
072 _aE15
100 1 _aSilva, P.D. da
245 1 _aMonocultura e estrutura fundiaria na orizicultura gaucha [Rio Grande do Sul]
650 _aARROZ
650 _aESTRUTURA AGRARIA
650 _aARRENDAMENTO
650 _aPRODUCAO VEGETAL
650 _aRIO GRANDE DO SUL
773 0 _tLavoura Arrozeira (Brazil)
_xISSN 0023-9143
_g(Mar 1971), v. 24(260) p. 14
_wBR7100288
909 _a202311
_bLúcia
_c55
_dLúcia Elande
942 _2AGRIS
_n0
_cANA
999 _c90941
_d90941